logo

Bir Sreshtho Munshi Abdur Rouf Library
Jhenaidah Cadet College

ভাগ্য জানার উপায় / (Record no. 10831)

MARC details
000 -LEADER
fixed length control field 00702nam a22002297a 4500
001 - CONTROL NUMBER
JCCL Control Number 10831
003 - CONTROL NUMBER IDENTIFIER
JCCL marc code BD-JhCC
005 - DATE AND TIME OF LATEST TRANSACTION
control field 20190624135726.0
008 - FIXED-LENGTH DATA ELEMENTS--GENERAL INFORMATION
fixed length control field 190521b20172010bd ||||| a||| 00| 0 ben d
020 ## - INTERNATIONAL STANDARD BOOK NUMBER
International Standard Book Number 9789843427199
035 ## - SYSTEM CONTROL NUMBER
system control number (BD-JhCC)10831
040 ## - CATALOGING SOURCE
Original cataloging agency BD-JhCC
Modifying agency BD-JhCC
041 ## - LANGUAGE CODE
Language code of Book eng
082 ## - DEWEY DECIMAL CLASSIFICATION NUMBER
Author mark and Year CHO 2017
Classification number 133.5
100 ## - MAIN ENTRY--PERSONAL NAME
Personal name চৌধুরী, কাসার আহমেদ
245 ## - TITLE STATEMENT
Title ভাগ্য জানার উপায় /
Statement of responsibility, etc কাসার আহমেদ চৌধুরী
260 ## - PUBLICATION, DISTRIBUTION, ETC. (IMPRINT)
Place of publication, distribution, etc ঢাকা :
Name of publisher, distributor, etc প্রথমা প্রকাশন,
Date of publication, distribution, etc 2017.
300 ## - PHYSICAL DESCRIPTION
Pagination 111 p.
Other physical details Include
Dimensions 20 cm.
650 ## - SUBJECT ADDED ENTRY--TOPICAL TERM
Topical term or geographic name as entry element Astrology
942 ## - ADDED ENTRY ELEMENTS (KOHA)
Source of classification or shelving scheme Dewey Decimal Classification
Koha item type Books
Holdings
Source of classification or shelving scheme Damaged status Not for loan Home library Current library Shelving location Date of accession Cost, normal purchase price Total Checkouts Full call number Barcode Date last seen Date checked out Copy number Koha item type
Dewey Decimal Classification     JCC Rouf Library JCC Rouf Library General Stacks 06/15/2019 230.00 1 133.5 CHO 2017 14820 02/22/2024 02/15/2024 C-1 Books

JCC Library | Contacts | JCC Home

Last Update on 23 September 2017
Copyright @ 2017-2020 JCC Rouf Library
Rouf Library, Jhenidah Cadet College (JCC), Bangladesh